00553nam a2200145Ia 4500008004100000050002500041100001900066245008800085260006100173300002900234521000700263942001200270999001900282952010600301140609s9999 xx 000 0 und d aBX 1905b.J574c 2007 aJoaquin, Nick. aCardinal virtues :bcollection of stories on Jaime L. Cardinal sin /cNick Joaquin, aParañaque, Philippines :bBrown Madonna Press,cc2007. a157 p. :bill. ;c21 cm. aGE kLOCcBK c118152d118152 001040aCLbCLcFILd2014-06-09l0oBX 1905 .J574c 2007pC18440r2018-05-08 00:00:00w2014-06-09yBK